Путь к Небесному венцу (Запись № 12252607)

Подробности
000 -МАРКЕР
контрольное поле 01262nam0a2200325 4500
001 - ИДЕНТИФИКАТОР ЗАПИСИ
контрольное поле RU\NLR\BIBL_A\011881876
005 - ИДЕНТИФИКАТОР ВЕРСИИ
контрольное поле 20181217093743.0
010 ## - МЕЖДУНАРОДНЫЙ СТАНДАРТНЫЙ НОМЕР КНИГИ (ISBN)
Номер (ISBN) 978-5-9902578-5-6
Тираж 2000
021 ## - НОМЕР ГОСУДАРСТВЕННОЙ РЕГИСТРАЦИИ
Код страны Российская Федерация
Номер КН-П-18-083844
Номер Листа государственной регистраци КН-П-18-6065
035 ## - ДРУГИЕ СИСТЕМНЫЕ НОМЕРА
Идентификатор записи (NLR Aleph) 011881876
035 ## - ДРУГИЕ СИСТЕМНЫЕ НОМЕРА
Идентификатор записи (RuMoRGB)009798837
100 ## - ДАННЫЕ ОБЩЕЙ ОБРАБОТКИ
Данные общей обработки 20181206d2018 u y0rusy50 ca
101 0# - ЯЗЫК РЕСУРСА
Язык текста, звукозаписи и т.д. русский
102 ## - СТРАНА ПУБЛИКАЦИИ ИЛИ ПРОИЗВОДСТВА
Страна публикации Российская Федерация
105 ## - ПОЛЕ КОДИРОВАННЫХ ДАННЫХ: ТЕКСТОВЫЕ МАТЕРИАЛЫ, МОНОГРАФИЧЕСКИЕ
Кодированные данные о монографическом текстовом документе a z |00ay
200 1# - ЗАГЛАВИЕ И СВЕДЕНИЯ ОБ ОТВЕТСТВЕННОСТИ
Основное заглавие Путь к Небесному венцу
Сведения, относящиеся к заглавию сказание о священномученике Николае (Любомудрове)
Первые сведения об ответственности А. Симонов
210 ## - ПУБЛИКАЦИЯ, РАСПРОСТРАНЕНИЕ И ДР.
Место издания, распространения и т.д. Ярославль
Имя издателя, распространителя и т. д. Печать
Дата издания, распространения и т.д. 2018
215 ## - ФИЗИЧЕСКАЯ ХАРАКТЕРИСТИКА
Специфическое обозначение материала и объем 111 с.
Другие сведения о физической характеристике цв. ил.
Размеры 25
333 ## - ПРИМЕЧАНИЯ ОБ ОСОБЕННОСТЯХ РАСПРОСТРАНЕНИЯ И ИСПОЛЬЗОВАНИЯ
Текст примечания 12+
600 #1 - ИМЯ ЛИЦА КАК ПРЕДМЕТ
Начальный элемент ввода Любомудров
Часть имени, кроме начального элемента ввода Н. И.
Даты 1862 - 1918
Расширение инициалов личного имени Николай Иванович
Формальный подзаголовок Издания для детей
Системный номер авторитетной/нормативной записи 2222890
Идентификатор авторитетной/нормативной записи RU\NLR\AUTH\6601567702
686 0# - ИНДЕКСЫ ДРУГИХ КЛАССИФИКАЦИЙ
Индекс Ш9
Книжный номер Э
700 #1 - ИМЯ ЛИЦА - ПЕРВИЧНАЯ ОТВЕТСТВЕННОСТЬ
Начальный элемент ввода Симонов
Часть имени, кроме начального элемента ввода А. Н.
Расширение инициалов личного имени Альфред Николаевич
702 #1 - ИМЯ ЛИЦА - ВТОРИЧНАЯ ОТВЕТСТВЕННОСТЬ
Код отношения Прочие
Начальный элемент ввода Любомудров
Часть имени, кроме начального элемента ввода Н. И.
Даты 1862-1918
Расширение инициалов личного имени Николай Иванович
Системный номер авторитетной/нормативной записи 141001
Идентификатор авторитетной/нормативной записи RU\NLR\AUTH\770141037
942 ## - ДОПОЛНИТЕЛЬНЫЕ ЭЛЕМЕНТЫ ЗАПИСИ (АБИС)
Тип экземпляра АБИС Книга
980 ## - КОЛЛЕКЦИЯ
Название коллекции НБР
980 ## - КОЛЛЕКЦИЯ
Название коллекции Национальная библиография

Нет доступных экземпляров.